[Event "25th Zadar Open 2018"]
[Site "Zadar"]
[Date "2018.12.18"]
[Round "5.10"]
[White "Nester, Ihor"]
[Black "Plenca, Jadranko"]
[Result "1/2-1/2"]
[WhiteElo "2337"]
[BlackElo "2475"]
[Annotator "ChessBase"]
[PlyCount "117"]
[EventDate "2018.12.15"]
[EventType "swiss"]
[EventCountry "CRO"]
[SourceTitle "playchess.com"]
[Source "ChessBase"]
[SourceQuality "1"]
[TimeControl "40/5400+30:1800+30"]

1. Nf3 {[%emt 0:06:30]} d5 {[%emt 0:00:30]} 2. d4 {[%emt 0:00:30]} Nf6 {[%emt 0:00:00]} 3. c4 {[%emt 0:00:00]} e6 {[%emt 0:00:00]} 4. g3 {[%emt 0:00:00]} Be7 {[%emt 0:00:30]} 5. Bg2 {[%emt 0:00:30]} O-O {[%emt 0:00:30]} 6. O-O {[%emt 0:00:00]} Nbd7 {[%emt 0:00:00]} 7. Qc2 {[%emt 0:00:00]} c6 {[%emt 0:00:00]} 8. Nbd2 {[%emt 0:00:30]} b6 {[%emt 0:00:00]} 9. e4 {[%emt 0:00:00]} dxc4 {[%emt 0:00:00]} 10. Nxc4 {[%emt 0:00:00]} Bb7 {[%emt 0:00:30]} 11. Bf4 {[%emt 0:00:30]} c5 {[%emt 0:00:00]} 12. Rfe1 {[%emt 0:00:30]} cxd4 {[%emt 0:00:00]} 13. Nd6 {[%emt 0:00:30]} Bxd6 {[%emt 0:00:30]} 14. Bxd6 {[%emt 0:00:00]} d3 {[%emt 0:00:00]} 15. Qxd3 {[%emt 0:07:00]} Bxe4 {[%emt 0:01:00]} 16. Qd4 {[%emt 0:00:30]} e5 {[%emt 0:05:30]} 17. Nxe5 {[%emt 0:01:30]} Nxe5 {[%emt 0:01:30]} 18. Bxe5 {[%emt 0:28:30]} Bxg2 {[%emt 0:01:30]} 19. Kxg2 {[%emt 0:00:00]} Qxd4 {[%emt 0:01:30]} 20. Bxd4 {[%emt 0:00:00]} Rfe8 {[%emt 0:00:00]} 21. Kf3 {[%emt 0:00:30]} Rad8 {[%emt 0:03:00]} 22. Rxe8+ {[%emt 0:01:30]} Rxe8 {[%emt 0:00:30]} 23. Rc1 {[%emt 0:01:30]} Nd5 {[%emt 0:00:30]} 24. a4 {[%emt 0:00:30]} f6 {[%emt 0:00:30]} 25. Rc6 {[%emt 0:01:30]} Rd8 {[%emt 0:02:30]} 26. Rc4 {[%emt 0:07:30]} Rd7 {[%emt 0:04:30]} 27. b4 {[%emt 0:02:30]} Kf7 {[%emt 0:04:30]} 28. b5 {[%emt 0:01:30]} Rc7 {[%emt 0:04:30]} 29. Rxc7+ {[%emt 0:01:30]} Nxc7 {[%emt 0:00:00]} 30. Ke4 {[%emt 0:00:30]} Ke6 {[%emt 0:00:00]} 31. f4 {[%emt 0:02:30]} g6 {[%emt 0:01:30]} 32. Kd3 {[%emt 0:00:30]} Ne8 {[%emt 0:03:30]} 33. Kc4 {[%emt 0:03:30]} Nd6+ {[%emt 0:00:30]} 34. Kb4 {[%emt 0:00:00]} Nb7 {[%emt 0:00:30]} 35. g4 {[%emt 0:06:00]} Na5 {[%emt 0:04:30]} 36. Bc3 {[%emt 0:06:30]} Nb7 {[%emt 0:04:30]} 37. Kc4 {[%emt 0:00:00]} Nd6+ {[%emt 0:01:30]} 38. Kd4 {[%emt 0:00:00]} f5 {[%emt 0:03:30]} 39. g5 {[%emt 0:03:30]} Ne4 {[%emt 0:04:30]} 40. Bb4 {[%emt 0:00:00]} Nd6 {[%emt 0:00:00]} 41. Ba3 {[%emt 0:10:00]} Ne4 {[%emt 0:02:00]} 42. Bf8 {[%emt 0:00:30]} Nd6 {[%emt 0:01:30]} 43. Bg7 {[%emt 0:00:30]} Ne4 {[%emt 0:01:30]} 44. Be5 {[%emt 0:19:30]} Nc5 {[%emt 0:00:30]} 45. Bb8 {[%emt 0:00:00]} a5 {[%emt 0:01:30]} 46. bxa6 {[%emt 0:00:00]} Nxa6 {[%emt 0:00:30]} 47. Ba7 {[%emt 0:00:30]} Nc5 {[%emt 0:00:00]} 48. Bxb6 {[%emt 0:00:30]} Nxa4 {[%emt 0:00:00]} 49. Ba7 {[%emt 0:03:30]} Kd6 {[%emt 0:01:30]} 50. Kc4 {[%emt 0:00:30]} Nb2+ {[%emt 0:01:30]} 51. Kc3 {[%emt 0:01:30]} Na4+ {[%emt 0:00:30]} 52. Kd4 {[%emt 0:01:54]} Nb2 {[%emt 0:00:30]} 53. Bc5+ {[%emt 0:01:43]} Ke6 {[%emt 0:02:30]} 54. Bb4 {[%emt 0:01:21]} Nd1 {[%emt 0:01:30]} 55. Be1 {[%emt 0:00:33]} Kd6 {[%emt 0:00:30]} 56. Bg3 {[%emt 0:02:43]} Ke6 {[%emt 0:00:00]} 57. Be1 {[%emt 0:04:42]} Kd6 {[%emt 0:02:00]} 58. Bb4+ {[%emt 0:00:08]} Ke6 {[%emt 0:00:30]} 59. Be1 {[%emt 0:00:05]} 1/2-1/2

[Event "25th Zadar Open 2018"]
[Site "Zadar"]
[Date "2018.12.18"]
[Round "5.11"]
[White "Bratkovic, Jakob"]
[Black "Bukal, Vladimir Jr."]
[Result "1/2-1/2"]
[WhiteElo "2239"]
[BlackElo "2390"]
[Annotator "ChessBase"]
[PlyCount "113"]
[EventDate "2018.12.15"]
[EventType "swiss"]
[EventCountry "CRO"]
[SourceTitle "playchess.com"]
[Source "ChessBase"]
[SourceQuality "1"]
[TimeControl "40/5400+30:1800+30"]

1. e4 {[%emt 0:02:30]} c6 {[%emt 0:00:30]} 2. d4 {[%emt 0:00:00]} d5 {[%emt 0:00:00]} 3. Nc3 {[%emt 0:00:00]} dxe4 {[%emt 0:00:00]} 4. Nxe4 {[%emt 0:00:30]} Nf6 {[%emt 0:00:00]} 5. Nxf6+ {[%emt 0:00:30]} exf6 {[%emt 0:00:00]} 6. c3 {[%emt 0:00:30]} Bd6 {[%emt 0:00:30]} 7. Bd3 {[%emt 0:00:30]} O-O {[%emt 0:00:00]} 8. Qc2 {[%emt 0:00:30]} Re8+ {[%emt 0:00:00]} 9. Ne2 {[%emt 0:00:00]} h5 {[%emt 0:00:30]} 10. Be3 {[%emt 0:15:00]} Nd7 {[%emt 0:00:30]} 11. O-O-O {[%emt 0:00:30]} Nf8 {[%emt 0:00:30]} 12. Ng3 {[%emt 0:02:30]} Be6 {[%emt 0:03:30]} 13. Kb1 {[%emt 0:03:30]} Rc8 {[%emt 0:05:30]} 14. Nf5 {[%emt 0:04:30]} g6 {[%emt 0:16:30]} 15. Nxd6 {[%emt 0:15:30]} Qxd6 {[%emt 0:00:30]} 16. b3 {[%emt 0:02:30]} b5 {[%emt 0:05:30]} 17. Bc1 {[%emt 0:06:30]} a5 {[%emt 0:01:30]} 18. f4 {[%emt 0:01:30]} f5 {[%emt 0:03:30]} 19. h3 {[%emt 0:05:30]} h4 {[%emt 0:20:30]} 20. g4 {[%emt 0:07:30]} hxg3 {[%emt 0:00:30]} 21. Rhg1 {[%emt 0:00:30]} a4 {[%emt 0:06:30]} 22. Rxg3 {[%emt 0:03:30]} axb3 {[%emt 0:00:30]} 23. axb3 {[%emt 0:00:30]} Qd5 {[%emt 0:00:30]} 24. c4 {[%emt 0:00:30]} bxc4 {[%emt 0:00:00]} 25. Bxc4 {[%emt 0:00:30]} Qa5 {[%emt 0:01:00]} 26. h4 {[%emt 0:04:30]} Bxc4 {[%emt 0:12:30]} 27. Qxc4 {[%emt 0:00:30]} Ra8 {[%emt 0:05:34]} 28. Bb2 {[%emt 0:00:00]} Re1 {[%emt 0:00:37]} 29. Rg1 {[%emt 0:01:00]} Re3 {[%emt 0:03:10]} 30. h5 {[%emt 0:03:30]} Qd5 {[%emt 0:02:29]} 31. hxg6 {[%emt 0:00:31]} fxg6 {[%emt 0:00:07]} 32. Kc2 {[%emt 0:01:50]} Rb8 {[%emt 0:01:50]} 33. Bc3 {[%emt 0:00:47]} Kg7 {[%emt 0:00:22]} 34. Qxd5 {[%emt 0:05:30]} cxd5 {[%emt 0:00:02]} 35. Rde1 {[%emt 0:00:07]} Rf3 {[%emt 0:01:26]} 36. Rgf1 {[%emt 0:02:36]} Rh3 {[%emt 0:02:57]} 37. Kb2 {[%emt 0:02:13]} Rh2+ {[%emt 0:00:23]} 38. Ka3 {[%emt 0:00:12]} Rh3 {[%emt 0:02:22]} 39. Kb2 {[%emt 0:00:05]} Rh2+ {[%emt 0:01:44]} 40. Ka3 {[%emt 0:00:00]} Ra8+ {[%emt 0:00:00]} 41. Kb4 {[%emt 0:03:39]} Rh3 {[%emt 0:08:27]} 42. Ba1 {[%emt 0:06:30]} Kf7 {[%emt 0:03:30]} 43. Kc5 {[%emt 0:01:30]} Nd7+ {[%emt 0:07:43]} 44. Kxd5 {[%emt 0:02:30]} Nf6+ {[%emt 0:00:08]} 45. Kc6 {[%emt 0:04:30]} Rxb3 {[%emt 0:01:15]} 46. Rb1 {[%emt 0:00:30]} Rc8+ {[%emt 0:06:48]} 47. Kd6 {[%emt 0:00:00]} Ra3 {[%emt 0:00:24]} 48. Rb7+ {[%emt 0:06:00]} Kf8 {[%emt 0:00:01]} 49. Rfb1 {[%emt 0:01:34]} Ra6+ {[%emt 0:01:02]} 50. R7b6 {[%emt 0:00:22]} Ra5 {[%emt 0:04:49]} 51. Rh1 {[%emt 0:06:06]} Rd8+ {[%emt 0:04:24]} 52. Ke6 {[%emt 0:00:37]} Ng8 {[%emt 0:00:06]} 53. d5 {[%emt 0:00:56]} Re8+ {[%emt 0:00:51]} 54. Kd6 {[%emt 0:00:17]} Rd8+ {[%emt 0:00:25]} 55. Ke6 {[%emt 0:00:26]} Re8+ {[%emt 0:00:04]} 56. Kd6 {[%emt 0:02:32]} Rd8+ {[%emt 0:00:02]} 57. Ke6 {[%emt 0:04:55]} 1/2-1/2

[Event "25th Zadar Open 2018"]
[Site "Zadar"]
[Date "2018.12.18"]
[Round "5.12"]
[White "Sokac, Marko"]
[Black "Tica, Sven"]
[Result "1/2-1/2"]
[WhiteElo "2301"]
[BlackElo "2439"]
[Annotator "NA"]
[PlyCount "104"]
[EventDate "2018.12.15"]
[EventType "swiss"]
[EventCountry "CRO"]
[SourceTitle "playchess.com"]
[Source "ChessBase"]
[SourceQuality "1"]
[TimeControl "40/5400+30:1800+30"]

1. e4 {[%emt 0:00:30]} c6 {[%emt 0:00:30]} 2. Nc3 {[%emt 0:00:30]} d5 {[%emt 0:00:00]} 3. d3 {[%emt 0:00:00]} e5 {[%emt 0:01:00]} 4. f4 {[%emt 0:00:00]} dxe4 {[%emt 0:15:30]} 5. Nxe4 {[%emt 0:02:30]} exf4 {[%emt 0:07:30]} 6. Qe2 {[%emt 0:08:30]} Be6 {[%emt 0:01:30]} 7. Nh3 {[%emt 0:00:30]} Qh4+ {[%emt 0:09:30]} 8. g3 {[%emt 0:00:30]} fxg3 {[%emt 0:00:30]} 9. hxg3 {[%emt 0:00:30]} Qg4 {[%emt 0:00:30]} 10. Qe3 {[%emt 0:01:30]} Nf6 {[%emt 0:03:30]} 11. Nxf6+ {[%emt 0:20:30]} gxf6 {[%emt 0:00:30]} 12. Nf4 {[%emt 0:00:00]} Rg8 {[%emt 0:09:30]} 13. Bh3 {[%emt 0:06:00]} Qxg3+ {[%emt 0:02:30]} 14. Qxg3 {[%emt 0:00:00]} Rxg3 {[%emt 0:00:00]} 15. Bxe6 {[%emt 0:00:00]} fxe6 {[%emt 0:00:00]} 16. Nxe6 {[%emt 0:00:30]} Bd6 {[%emt 0:00:30]} 17. Rxh7 {[%emt 0:01:30]} Rg2 {[%emt 0:01:30]} 18. Ng7+ {[%emt 0:16:30]} Kd8 {[%emt 0:03:30]} 19. Nf5 {[%emt 0:00:30]} Bf8 {[%emt 0:03:30]} 20. Kf1 {[%emt 0:01:30]} Rg4 {[%emt 0:01:30]} 21. Rxb7 {[%emt 0:07:30]} Nd7 {[%emt 0:00:30]} 22. Be3 {[%emt 0:00:30]} Kc8 {[%emt 0:03:30]} 23. Rb3 {[%emt 0:01:30]} Kc7 {[%emt 0:00:30]} 24. Re1 {[%emt 0:02:30]} a5 {[%emt 0:00:30]} 25. d4 {[%emt 0:00:30]} a4 {[%emt 0:00:30]} 26. Rd3 {[%emt 0:01:30]} Ra5 {[%emt 0:00:30]} 27. Ng3 {[%emt 0:00:30]} Bd6 {[%emt 0:01:30] [#]} 28. Bf2 $16 {[%emt 0:00:30]} f5 {[%emt 0:04:30]} 29. c4 {[%emt 0:01:30]} f4 {[%emt 0:01:30]} 30. c5 {[%emt 0:01:30]} fxg3 {[%emt 0:04:30]} 31. cxd6+ {[%emt 0:00:30]} Kxd6 {[%emt 0:00:00]} 32. Bxg3+ {[%emt 0:00:30]} Kd5 {[%emt 0:00:00]} 33. Re7 {[%emt 0:00:30]} Ra7 {[%emt 0:00:30]} 34. Rf3 {[%emt 0:04:30]} Rb7 {[%emt 0:06:28]} 35. Rf5+ {[%emt 0:02:25]} Kc4 {[%emt 0:02:31]} 36. Bf2 {[%emt 0:00:33]} Rg6 {[%emt 0:00:48]} 37. Rf3 {[%emt 0:03:25]} Rd6 {[%emt 0:00:57]} 38. Rc3+ {[%emt 0:01:48]} Kb5 {[%emt 0:04:16]} 39. Ke2 {[%emt 0:01:16]} Ka6 {[%emt 0:01:52]} 40. Rc2 {[%emt 0:00:00]} Rb5 {[%emt 0:00:00]} 41. Kd3 {[%emt 0:09:03]} Rh5 {[%emt 0:09:08]} 42. Bg3 {[%emt 0:06:30]} Rh3 {[%emt 0:02:30]} 43. Rg7 {[%emt 0:00:30]} Kb5 {[%emt 0:01:30]} 44. Ke4 {[%emt 0:07:30]} Nf6+ {[%emt 0:08:30]} 45. Kf5 {[%emt 0:03:30]} Rh5+ {[%emt 0:00:30]} 46. Kg6 {[%emt 0:00:52]} Re6 {[%emt 0:00:00]} 47. Kf7 {[%emt 0:00:30]} Ne8 {[%emt 0:00:00]} 48. Rg8 {[%emt 0:02:23]} Rhh6 {[%emt 0:00:30]} 49. Rxe8 {[%emt 0:12:11]} Rhf6+ {[%emt 0:00:00]} 50. Kg7 {[%emt 0:00:03]} Rg6+ {[%emt 0:00:00]} 51. Kf7 {[%emt 0:00:03]} Rgf6+ {[%emt 0:00:00]} 52. Kg7 {[%emt 0:00:04]} Rg6+ {[%emt 0:00:00]} 1/2-1/2

[Event "25th Zadar Open 2018"]
[Site "Zadar"]
[Date "2018.12.18"]
[Round "5.13"]
[White "Dixit, Nikhil"]
[Black "Nielsen, Hogni Egilstoft"]
[Result "1/2-1/2"]
[WhiteElo "2292"]
[BlackElo "2400"]
[Annotator "TA"]
[PlyCount "201"]
[EventDate "2018.12.15"]
[EventType "swiss"]
[EventCountry "CRO"]
[SourceTitle "playchess.com"]
[Source "ChessBase"]
[SourceQuality "1"]

{[%evp 23,201,-11,-11,-14,-11,-16,-10,-10,-4,-16,-16,-35,-44,-29,-42,-95,-73,-69,-55,-80,-70,-97,-94,-97,-94,-109,-107,-108,-93,-132,-83,-138,-144,-156,-143,-180,-178,-179,-143,-147,-136,-137,-144,-147,-140,-158,-143,-136,-137,-383,-350,-449,-443,-388,-294,-295,-297,-291,-288,-251,-237,-232,-204,-316,-312,-341,-334,-316,-249,-304,-293,-282,-8,-8,-8,-8,-8,-8,0,0,0,0,0,0,0,0,0,0,0,0,0,-7,0,-7,-7,-8,-8,-8,-7,-8,-8,-8,-8,-8,-8,-8,-8,-8,-8,-8,-8,-8,-8,-8,-8,-8,-8,-8,-8,-8,-8,-54,-61,-68,-8,-8,-8,-8,-8,-8,-8,-8,-8,-8,-8,-8,0,0,0,0,0,-8,0,0,0,0,0,0,0,0,0,0,0,0,0,-8,-8,-8,-8,-8,-8,-8,-8,-8,0,0,0,0,0,-8,-8,-8,-8,-8,-8,-8,0,0,0,0]} 1. e4 e5 2. Nf3 Nc6 3. Nc3 Nf6 4. d4 exd4 5. Nxd4 Bb4 6. Nxc6 bxc6 7. Bd3 d5 8. exd5 cxd5 9. O-O O-O 10. Bg5 Be6 11. Nb5 c5 12. c3 {C47: Scotch Four Knights and Four Knights with 4 g3} (12. a3 Ba5 13. b4 Bb6 14. bxc5 Bxc5 15. c3 h6 16. Bh4 Rc8 17. Nd4 Bxd4 18. cxd4 {½-½ (18) Lintchevski,D (2561)-Shirov,A (2685) Jurmala 2016}) 12... Ba5 {LiveBook: 7 Games} 13. b4 cxb4 14. cxb4 Bxb4 15. Rc1 $146 ({Predecessor:} 15. Bxh7+ Kxh7 16. Qb1+ Kg8 17. Qxb4 Rb8 18. Bxf6 Qxf6 19. Qa5 d4 {½-½ (70) Martins,C (2258)-Perdomo,L (2478) Caioba 2018}) 15... h6 16. Bh4 Be7 17. Nd4 Bd7 18. Re1 Re8 19. Bb1 (19. Nb5 $15) 19... Ne4 20. Bxe7 Rxe7 21. Nb3 Nf6 22. Qd4 Rxe1+ 23. Rxe1 Qb6 24. Qxb6 axb6 25. f3 Bb5 26. Kf2 Bc4 27. g4 (27. Re7 $142) 27... Nd7 28. Re7 Nc5 29. h4 Kf8 ({Don't take} 29... Nxb3 30. axb3 Bxb3 31. Rb7 $17) 30. Rc7 Nxb3 31. axb3 Bxb3 $19 {[%mdl 4096] Endgame KRB-KRB} 32. Rb7 Ra6 33. Rb8+ Ke7 34. Rb7+ Ke6 35. f4 Bc4 36. f5+ $2 (36. Ke3 $17) 36... Ke5 37. Re7+ Kf4 38. Rxf7 Ra1 39. f6 gxf6 $1 40. Rxf6+ Kxg4 41. Rg6+ {[#]} Kh3 $1 ({Weaker is} 41... Kxh4 42. Rxh6+ Kg4 43. Rxb6 $15) 42. Rxb6 h5 ({Not} 42... Kxh4 43. Rxh6+ Kg5 44. Rh1 $15) 43. Ke3 (43. Kf3 {is a better defense.}) 43... Kxh4 44. Kf4 Ra4 45. Ke5 Ra8 46. Bg6 Rg8 47. Rf6 {[#]} Rg7 $2 (47... Rh8 $1 $19 {And now ...Kg3 would win.} 48. Rf2 Kg3) 48. Kf4 $1 $11 Be2 {With the idea ...Rg8.} 49. Rd6 $1 Bg4 {[#] Threatening ...Rd7.} 50. Bxh5 $1 {[%mdl 512]} Bxh5 51. Rxd5 {KRB-KR} Bg4 52. Rd8 Rf7+ 53. Ke4 Kg3 54. Rg8 Re7+ 55. Kd4 Kf4 56. Rf8+ Bf5 57. Kd5 Rd7+ 58. Kc5 Ke5 59. Rh8 Rc7+ 60. Kb6 Rc1 61. Rd8 Be6 62. Kb5 Bd5 63. Rh8 Kd4 64. Rh4+ Be4 65. Kb6 Rb1+ 66. Kc7 Rb7+ 67. Kd6 Rb6+ 68. Kc7 Rg6 69. Rf4 Ke5 70. Rf8 Rg7+ 71. Kb6 Kd4 72. Rf4 Rb7+ 73. Ka6 Rb2 ({Black should play} 73... Rb4 $1 $15 74. Ka7 Kc5) 74. Rh4 $1 {The position is equal.} Ke5 75. Ka5 Rb8 76. Ka4 Kd5 77. Ka3 $1 Rb7 78. Rg4 Bd3 79. Rb4 Rh7 80. Kb3 Rh3 81. Rb8 Bc4+ 82. Kb2 Kd4 83. Rd8+ Bd5 84. Rd7 Rh2+ 85. Kc1 Kc4 86. Rd8 Bf3 87. Rc8+ Kd3 88. Rd8+ Ke3 89. Rd6 Be4 90. Rd8 Rc2+ 91. Kd1 Rb2 {[%cal Rb2b1]} 92. Rc8 Rb1+ 93. Rc1 Rb8 94. Rc7 Bd3 95. Re7+ Kd4 96. Rd7+ Kc3 {[%cal Rb8b1]} 97. Rc7+ Bc4 {[%cal Rb8b1]} 98. Kc1 Rh8 {[%cal Rh8h1]} 99. Rd7 Rh2 {( -> ...Rg2)} 100. Rd8 Ra2 {[%cal Ra2a1]} 101. Rb8 {Accuracy: White = 62%, Black = 69%.} 1/2-1/2

[Event "25th Zadar Open 2018"]
[Site "Zadar"]
[Date "2018.12.18"]
[Round "5.14"]
[White "Karthik Kumar Pradeep"]
[Black "Ustianovich, Nazar"]
[Result "0-1"]
[WhiteElo "2230"]
[BlackElo "2383"]
[Annotator "NA"]
[PlyCount "96"]
[EventDate "2018.12.15"]
[EventType "swiss"]
[EventCountry "CRO"]
[SourceTitle "playchess.com"]
[Source "ChessBase"]
[SourceQuality "1"]
[TimeControl "40/5400+30:1800+30"]

1. d4 {[%emt 0:00:30]} Nf6 {[%emt 0:05:30]} 2. c4 {[%emt 0:00:30]} g6 {[%emt 0:00:00]} 3. Nf3 {[%emt 0:00:00]} Bg7 {[%emt 0:00:00]} 4. g3 {[%emt 0:00:00]} c6 {[%emt 0:00:30]} 5. Bg2 {[%emt 0:00:30]} d5 {[%emt 0:00:30]} 6. O-O {[%emt 0:00:30]} O-O {[%emt 0:00:30]} 7. Nbd2 {[%emt 0:10:30]} a5 {[%emt 0:03:30]} 8. a4 {[%emt 0:18:30]} Na6 {[%emt 0:05:30]} 9. b3 {[%emt 0:00:30]} Nb4 {[%emt 0:08:30]} 10. Bb2 {[%emt 0:00:30]} Bf5 {[%emt 0:00:30]} 11. Bc3 {[%emt 0:31:30]} Ne4 {[%emt 0:05:30]} 12. Nxe4 {[%emt 0:00:30]} dxe4 {[%emt 0:12:30]} 13. Ne1 {[%emt 0:10:30]} c5 {[%emt 0:06:30]} 14. e3 {[%emt 0:02:30]} Qc8 {[%emt 0:10:30]} 15. Qd2 {[%emt 0:03:06]} Rd8 {[%emt 0:03:30]} 16. Qb2 {[%emt 0:05:46]} Ra6 {[%emt 0:04:30]} 17. f3 {[%emt 0:04:28]} exf3 {[%emt 0:00:30]} 18. Bxf3 {[%emt 0:00:01]} cxd4 {[%emt 0:15:49]} 19. exd4 {[%emt 0:00:04]} Rad6 {[%emt 0:00:13]} 20. Rd1 {[%emt 0:02:32]} Bxd4+ {[%emt 0:05:12]} 21. Bxd4 {[%emt 0:01:23]} Rxd4 {[%emt 0:00:08]} 22. Rxd4 {[%emt 0:00:13]} Qc5 {[%emt 0:00:09]} 23. Qf2 {[%emt 0:01:08]} Qxd4 {[%emt 0:03:15]} 24. Qxd4 {[%emt 0:00:15]} Rxd4 {[%emt 0:00:01]} 25. Bxb7 {[%emt 0:00:13]} Rd2 {[%emt 0:01:35]} 26. c5 {[%emt 0:04:20]} Rd7 {[%emt 0:02:04]} 27. c6 {[%emt 0:01:24]} Rc7 {[%emt 0:00:52]} 28. Nf3 {[%emt 0:00:01]} Nxc6 {[%emt 0:00:00]} 29. Bxc6 {[%emt 0:00:15]} Rxc6 {[%emt 0:00:00]} 30. Nd4 {[%emt 0:00:03]} Rc5 {[%emt 0:00:00]} 31. Nxf5 {[%emt 0:00:46]} gxf5 {[%emt 0:05:35]} 32. Rd1 {[%emt 0:01:05]} Kg7 {[%emt 0:00:27]} 33. Rd8 {[%emt 0:00:45]} e6 {[%emt 0:00:28]} 34. Rb8 {[%emt 0:00:18]} Kf6 {[%emt 0:01:22]} 35. b4 {[%emt 0:00:01]} Rc1+ {[%emt 0:00:49]} 36. Kf2 {[%emt 0:00:08]} Rc2+ {[%emt 0:00:44]} 37. Kf3 {[%emt 0:01:12]} axb4 {[%emt 0:00:40]} 38. Rxb4 {[%emt 0:00:02]} Rxh2 {[%emt 0:00:03]} 39. Rb7 {[%emt 0:00:51]} Ra2 {[%emt 0:00:11]} 40. Ra7 {[%emt 0:00:00]} Ra3+ {[%emt 0:00:00]} 41. Kf2 {[%emt 0:00:10]} h5 {[%emt 0:03:23]} 42. Kg2 {[%emt 0:03:30]} Kg6 {[%emt 0:01:30]} 43. Ra8 {[%emt 0:02:30]} h4 {[%emt 0:11:35]} 44. gxh4 {[%emt 0:00:30]} Kh5 {[%emt 0:00:01]} 45. Rh8+ {[%emt 0:00:30]} Kg4 {[%emt 0:00:18]} 46. h5 {[%emt 0:00:30]} Ra2+ {[%emt 0:00:11]} 47. Kg1 {[%emt 0:00:30]} Rxa4 {[%emt 0:00:23]} 48. h6 {[%emt 0:00:00]} Kg5 {[%emt 0:00:28]} 0-1

[Event "25th Zadar Open 2018"]
[Site "Zadar"]
[Date "2018.12.18"]
[Round "5.15"]
[White "Salimova, Nurgyul"]
[Black "Mohite, Ranveer"]
[Result "1-0"]
[WhiteElo "2377"]
[BlackElo "2236"]
[Annotator "NA"]
[PlyCount "71"]
[EventDate "2018.12.15"]
[EventType "swiss"]
[EventCountry "CRO"]
[SourceTitle "playchess.com"]
[Source "ChessBase"]
[SourceQuality "1"]
[TimeControl "40/5400+30:1800+30"]

1. e4 {[%emt 0:00:30]} c5 {[%emt 0:00:30]} 2. Nf3 {[%emt 0:00:00]} e6 {[%emt 0:00:30]} 3. d4 {[%emt 0:00:00]} cxd4 {[%emt 0:00:30]} 4. Nxd4 {[%emt 0:00:30]} a6 {[%emt 0:00:30]} 5. Nc3 {[%emt 0:00:00]} Qc7 {[%emt 0:00:00]} 6. Be2 {[%emt 0:01:00] LiveBook: 1882 Games} Nf6 {[%emt 0:00:00]} 7. O-O {[%emt 0:01:30]} d6 {[%emt 0:00:30]} 8. Qd3 $11 {[%emt 0:00:30]} b5 {[%emt 0:05:30]} 9. b4 {[%emt 0:00:30]} Bb7 {[%emt 0:14:30]} 10. a4 {[%emt 0:06:30]} bxa4 {[%emt 0:00:30]} 11. Rxa4 {[%emt 0:00:30]} Nbd7 {[%emt 0:00:30]} 12. Qe3 {[%emt 0:10:30]} Nb6 {[%emt 0:07:30]} 13. Ra2 {[%emt 0:09:30]} Nc4 {[%emt 0:20:30]} 14. Qh3 {[%emt 0:04:30]} Be7 {[%emt 0:05:30]} 15. b5 {[%emt 0:10:30]} a5 {[%emt 0:06:30]} 16. Bg5 {[%emt 0:08:30]} Qc5 {[%emt 0:06:30]} 17. Bxf6 {[%emt 0:01:30]} gxf6 {[%emt 0:03:30]} 18. Nb3 {[%emt 0:01:30]} Qc7 {[%emt 0:03:30]} 19. Bxc4 {[%emt 0:00:30]} Qxc4 {[%emt 0:00:30]} 20. Nxa5 {[%emt 0:02:30]} Qc8 {[%emt 0:02:30]} 21. Rfa1 {[%emt 0:06:30]} O-O {[%emt 0:00:52]} 22. Qe3 {[%emt 0:03:30]} Rd8 {[%emt 0:05:03]} 23. Nxb7 {[%emt 0:02:30]} Qxb7 {[%emt 0:00:06]} 24. Ra7 {[%emt 0:04:30]} Bf8 {[%emt 0:00:14]} 25. h4 {[%emt 0:01:30]} Rxa7 {[%emt 0:00:24]} 26. Rxa7 {[%emt 0:00:30]} Qb8 {[%emt 0:06:11]} 27. b6 {[%emt 0:06:46]} Rc8 {[%emt 0:00:32]} 28. b7 {[%emt 0:09:16]} Rxc3 {[%emt 0:00:48]} 29. Qxc3 {[%emt 0:00:14]} Qxa7 {[%emt 0:00:08]} 30. Qc8 {[%emt 0:00:23]} Qa1+ {[%emt 0:01:08]} 31. Kh2 {[%emt 0:00:05]} Qe5+ {[%emt 0:00:21]} 32. g3 {[%emt 0:00:15]} Qd4 {[%emt 0:01:00]} 33. Kg1 {[%emt 0:00:20]} Qd1+ {[%emt 0:03:46]} 34. Kg2 {[%emt 0:00:28]} Qe1 {[%emt 0:00:35]} 35. b8=Q {[%emt 0:00:15]} Qxe4+ {[%emt 0:00:07]} 36. Kh2 {[%emt 0:00:06]} 1-0

[Event "25th Zadar Open 2018"]
[Site "Zadar"]
[Date "2018.12.18"]
[Round "5.16"]
[White "Chan, Kim Yew"]
[Black "Bilobrk, Franjo"]
[Result "1/2-1/2"]
[WhiteElo "2175"]
[BlackElo "2364"]
[Annotator "NA"]
[PlyCount "98"]
[EventDate "2018.12.15"]
[EventType "swiss"]
[EventCountry "CRO"]
[SourceTitle "playchess.com"]
[Source "ChessBase"]
[SourceQuality "1"]
[TimeControl "40/5400+30:1800+30"]

1. Nf3 {[%emt 0:00:30]} c5 {[%emt 0:00:30]} 2. c4 {[%emt 0:00:00]} g6 {[%emt 0:01:30]} 3. e4 {[%emt 0:00:00]} Bg7 {[%emt 0:00:30]} 4. d4 {[%emt 0:00:00]} cxd4 {[%emt 0:02:30]} 5. Nxd4 {[%emt 0:00:00]} Nc6 {[%emt 0:00:00]} 6. Be3 {[%emt 0:00:30]} Nf6 $14 {[%emt 0:01:00] LiveBook: 4420 Games} 7. Nc3 {[%emt 0:00:00]} O-O {[%emt 0:01:30]} 8. Be2 {[%emt 0:00:00]} d6 {[%emt 0:01:30]} 9. O-O {[%emt 0:00:00]} Bd7 {[%emt 0:00:30]} 10. Qd2 {[%emt 0:00:00]} Nxd4 {[%emt 0:00:00]} 11. Bxd4 {[%emt 0:00:30]} Bc6 {[%emt 0:00:00]} 12. f3 {[%emt 0:00:00]} a5 {[%emt 0:06:30]} 13. b3 {[%emt 0:00:00]} Nd7 {[%emt 0:00:30]} 14. Bf2 {[%emt 0:00:30]} Nc5 {[%emt 0:01:30]} 15. Rab1 {[%emt 0:00:30]} h5 {[%emt 0:12:30]} 16. Bd1 {[%emt 0:02:30]} Kh7 {[%emt 0:02:30]} 17. Bc2 {[%emt 0:21:30]} e6 {[%emt 0:12:30]} 18. Rbe1 {[%emt 0:07:30]} Qe7 {[%emt 0:04:30]} 19. f4 {[%emt 0:04:30]} f5 {[%emt 0:09:30]} 20. exf5 {[%emt 0:04:30]} gxf5 {[%emt 0:00:30]} 21. Re3 {[%emt 0:11:30]} Bxc3 {[%emt 0:04:30]} 22. Qxc3 {[%emt 0:01:30]} Kh6 {[%emt 0:13:30]} 23. Rg3 {[%emt 0:07:30]} Rg8 {[%emt 0:03:30]} 24. Bxc5 {[%emt 0:07:30]} dxc5 {[%emt 0:07:15]} 25. Qe5 {[%emt 0:03:30]} h4 {[%emt 0:06:31]} 26. Rg5 {[%emt 0:01:30]} Rae8 {[%emt 0:00:15]} 27. Rxg8 {[%emt 0:07:30]} Rxg8 {[%emt 0:00:06]} 28. Rf2 {[%emt 0:00:30]} Re8 {[%emt 0:02:07]} 29. Re2 {[%emt 0:00:30]} Qg7 {[%emt 0:00:20]} 30. Kf1 {[%emt 0:09:51]} Qxe5 {[%emt 0:00:37]} 31. Rxe5 {[%emt 0:00:04]} b6 {[%emt 0:00:54]} 32. Kf2 {[%emt 0:02:02]} Kg6 {[%emt 0:00:28]} 33. Re2 {[%emt 0:05:24]} Kf6 {[%emt 0:00:07]} 34. Rd2 {[%emt 0:00:43]} Ke7 {[%emt 0:00:15]} 35. Bd1 {[%emt 0:00:42]} Ra8 {[%emt 0:03:12]} 36. a4 {[%emt 0:00:25]} Rd8 {[%emt 0:00:35]} 37. Rxd8 {[%emt 0:00:05]} Kxd8 {[%emt 0:00:01]} 38. Bf3 {[%emt 0:00:13]} Be8 {[%emt 0:00:07]} 39. g3 {[%emt 0:01:36]} hxg3+ {[%emt 0:00:07]} 40. hxg3 {[%emt 0:00:00]} Ke7 {[%emt 0:00:00]} 41. Ke3 {[%emt 0:00:55]} Kf6 {[%emt 0:02:03]} 42. Be2 {[%emt 0:01:30]} Bg6 {[%emt 0:02:30]} 43. Bd1 {[%emt 0:00:30]} Kg7 {[%emt 0:00:30]} 44. Be2 {[%emt 0:00:30]} Kh6 {[%emt 0:00:30]} 45. Bd1 {[%emt 0:00:30]} Kg7 {[%emt 0:03:30]} 46. Be2 {[%emt 0:00:30]} Kf6 {[%emt 0:00:00]} 47. Bd1 {[%emt 0:00:00]} Be8 {[%emt 0:00:00]} 48. Be2 {[%emt 0:00:00]} Bc6 {[%emt 0:00:30]} 49. Bf3 {[%emt 0:00:30]} Be8 {[%emt 0:02:30]} 1/2-1/2